=LDR 00000nam 2200000 4500 =001 INLIS000000000006895 =005 20130612094959 =008 ***********************************Ind** =035 ##$$0010-061300000006895 =041 ##$$a Ind =082 ##$$a 819.2 =090 ##$$a 819.2, Sap p =100 ##$$a Saptawuryandari, Nurweni =245 ##$$a Panji Wulung, Nurwani Saptwuryandari =260 ##$$a P $b Jakarta =650 ##$$a Kesusastraan Jawa